000 00733nam a22002177i 4500
999 _c22733
_d22733
003 AR-CdUCM
008 231020b20212021pe o|||| |||| 001 0 spa d
040 _aMUNICIPALIDAD PROVINCIAL DEL CUSCO
_cBIBLIOTECA MUNICIPAL DEL CUSCO
041 _hspa
082 _a869.56 / L9812A
_bL9812A
100 _aLuna Cueto, Ramón
_948991
245 _aA la luz... de mis ojos /
260 _aSantiago-Cusco :
_c2021.
300 _a223 páginas. :
_c21 cm.
505 _aOdas idílicas de amor -- Odas religiosas -- Odas majestuosas -- Odas cotidianas de la vida
650 _aOdas de amor
_949210
650 _a Majestuosas odas cotidianas
_949211
650 _aOdas religiosas
_949245
942 _2ddc
_cLIBROS
945 _apebm
_d2023-10-20